| 000 | 00494nam a2200109Ia 4500 | ||
|---|---|---|---|
| 008 | 171212s9999 xx 000 0 und d | ||
| 245 |
_ceditor James J. Fox, _aInside Austronesian Houses _bPerspectives on domestic designs for living |
||
| 260 |
_bANU E Press _c2006 |
||
| 650 | _aAnthropology | ||
| 650 | _aDwellings -- Asia, Southeastern; Dwellings -- Oceania; Asia, Southeastern -- Social life and customs; Oceania -- Social life and customs | ||
| 856 | _uwww.jstor.org/stable/10.2307/j.ctt2jbj8v | ||
| 999 |
_c351168 _d351168 |
||